000 00787nam a2200265Ia 4500
003 OSt
005 20220928110137.0
006 a|||||r|||| 00| 0
007 ta
008 220927b |||||||| |||| 00| 0 eng d
020 _c595
024 _a109225
037 _b1202, 13/09/2010, Kiran Book Service
_cTextual
040 _aSDCL
_cSDCL
_beng
041 _2eng
_aeng
082 _aO155,3NMK,1, 152Q0
100 _aMahajan Kavita Au.
_9418302
245 0 _aChoon.
260 _aNew Delhi
_bVani Prakashan
_c2010
300 _a436p.
_ccm.
650 _aHindi
_9391598
700 _a Datye Smita Tr.
_9418303
942 _hO155,3NMK,1, 152Q0
_cTEXL
_2CC
999 _c734303
_d734303